000 00640nam a2200205 i 4500
001 101226
003 ES-MaACL
005 20250829062542.0
007 t|
008 051014s1948 sp ||||1| spa d
100 1 _aMaurois, André,
_d1885-1967
_979267
245 1 0 _aFederico Chopin /
_cAndré Maurois, [seud.] de Emile Herzog; [traducción del francés por Carmen Rubio Caparó].
250 _a[1ª ed.].
260 _aBarcelona :
_bLara,
_c1948.
300 _a81 p. ;
_c18 cm.
600 1 4 _aChopin, Fryderyk.
_9144154
700 1 _aRubio Caparó, Carmen.
_9100393
852 _aES-MaACL
_jC-11532
_bR.39307
999 _c101226
_d101226